00341 a2200109 4500001001000000005001700010008004100027245004000068100002500108700002600133773007200159ART_5667420260410161609.0260409a 10aResolución técnica (FACPCE) 53.1 aOubiña, Gabriel H.1 aFaccendini, Yanina C.0 tProfesional & Empresariag- Año XXIII, Nº 275 (ago. 2022)wREV70